[Event "Milan Crespi op 24th"]
[Site "Milan"]
[Date "2003.12.05"]
[Round "1"]
[White "Pelizzola, Danilo"]
[Black "Paoli, Enrico"]
[Result "1-0"]
[WhiteElo "2118"]
[BlackElo "2005"]
[PlyCount "105"]
[EventDate "2003.12.05"]
[EventType "swiss"]
[EventRounds "6"]
[EventCountry "ITA"]
[SourceTitle "EXT 2005"]
[Source "ChessBase"]
[SourceDate "2004.11.15"]
[SourceVersion "1"]
[SourceVersionDate "2004.11.15"]
[SourceQuality "1"]

1. e4 e5 2. Nf3 Nf6 3. Nxe5 Nxe4 4. Qe2 Qe7 5. Qxe4 d6 6. Bc4 Qxe5 7. Nc3 c6 8. d3 Be7 9. Qxe5 dxe5 10. f4 Nd7 11. 0-0 0-0 12. Be3 a5 13. a4 exf4 14. Bxf4 Bf6 15. Rae1 Nb6 16. Bd6 Nxc4 17. Bxf8 Kxf8 18. Rxf6 gxf6 19. dxc4 Be6 20. c5 Rd8 21. Rd1 Rb8 22. Kf2 b6 23. cxb6 Rxb6 24. b3 Ke7 25. Rd2 Rb4 26. Ke3 Rh4 27. g3 Rh5 28. h4 Re5+ 29. Kf2 Bf5 30. Ne2 Be4 31. c3 Bd5 32. b4 Bb3 33. Nd4 Bxa4 34. Ra2 Bb5 35. bxa5 Kd6 36. Nxb5+ Rxb5 37. a6 Rb8 38. a7 Ra8 39. Kf3 Kc5 40. Kf4 Kc4 41. Ra3 Kd3 42. Kf5 c5 43. Kxf6 c4 44. Kxf7 Kc2 45. g4 Kb2 46. Ra6 Kxc3 47. Kg7 Kd2 48. Kxh7 c3 49. g5 c2 50. Rc6 Rxa7+ 51. Kg8 Ra8+ 52. Kg7 Ra7+ 53. Kg6 1-0

[Event "Bratto op 23rd"]
[Site "Bratto"]
[Date "2003.08.22"]
[Round "2"]
[White "Leoni, Fabrizio"]
[Black "Paoli, Enrico"]
[Result "1/2-1/2"]
[WhiteElo "2102"]
[BlackElo "2005"]
[PlyCount "67"]
[EventDate "2003.08.21"]
[EventType "swiss"]
[EventRounds "9"]
[EventCountry "ITA"]
[SourceTitle "EXT 2004"]
[Source "ChessBase"]
[SourceDate "2003.11.25"]
[SourceVersion "1"]
[SourceVersionDate "2003.11.25"]
[SourceQuality "1"]

1. d4 d5 2. c4 c6 3. Nf3 e6 4. Nc3 Nf6 5. Bg5 Be7 6. e3 0-0 7. Bd3 dxc4 8. Bxc4 b5 9. Bd3 b4 10. Na4 Nbd7 11. Rc1 Bb7 12. 0-0 h6 13. Bxf6 Bxf6 14. Qc2 Rc8 15. Rfd1 Qa5 16. Nc5 Nxc5 17. Qxc5 Qxc5 18. Rxc5 Be7 19. Rc2 f6 20. Rdc1 Rfd8 21. Bc4 Kf7 22. Bb3 g5 23. Nd2 h5 24. Ne4 f5 25. Nc5 Bxc5 26. Rxc5 Kf6 27. R1c4 Ba6 28. Rxb4 Bb5 29. Bc4 Bxc4 30. Rbxc4 Rd6 31. b4 Rb8 32. a3 Rb6 33. h3 Ra6 34. Rc3 1/2-1/2

[Event "Bratto op 22nd"]
[Site "Bratto"]
[Date "2002.08.22"]
[Round "3"]
[White "Berni, Fabrizio"]
[Black "Paoli, Enrico"]
[Result "1-0"]
[WhiteElo "2116"]
[BlackElo "2005"]
[PlyCount "126"]
[EventDate "2002.08.20"]
[EventType "swiss"]
[EventRounds "9"]
[EventCountry "ITA"]
[SourceTitle "EXT 2003"]
[Source "ChessBase"]
[SourceDate "2002.11.25"]
[SourceVersion "1"]
[SourceVersionDate "2002.11.25"]
[SourceQuality "1"]

1. e4 e5 2. Nf3 Nc6 3. Bb5 a6 4. Ba4 Nf6 5. d3 d6 6. c3 Be7 7. Nbd2 0-0 8. Nf1 b5 9. Bb3 Na5 10. Bc2 c5 11. Ng3 Nc6 12. 0-0 Rb8 13. h3 b4 14. d4 bxc3 15. bxc3 cxd4 16. cxd4 exd4 17. Nxd4 Nxd4 18. Qxd4 Nd7 19. Rb1 Rxb1 20. Bxb1 Qb6 21. Qd3 Ne5 22. Qc2 g6 23. Be3 Qc6 24. Qe2 a5 25. Rc1 Qb7 26. f4 Nd7 27. Qd2 Qa8 28. a4 Nc5 29. Bc2 Rd8 30. Bd4 Qa7 31. Qe3 Bh4 32. Nf1 Be7 33. f5 Bf8 34. fxg6 hxg6 35. Qg5 Ne6 36. Qxg6+ fxg6 37. Bxa7 Bd7 38. Bb3 Kg7 39. Re1 Ra8 40. Bb6 Ra6 41. Be3 Rc6 42. Bd5 Rc2 43. Nd2 Be7 44. Nb3 Bf6 45. Rf1 Ra2 46. Nxa5 Rxa4 47. Nc4 Be5 48. Nb6 Ra3 49. Nxd7 Rxe3 50. Nxe5 dxe5 51. Bxe6 Rxe4 52. Rf7+ Kh6 53. Bg4 Kg5 54. Kf2 Ra4 55. Re7 Ra2+ 56. Kf3 Ra5 57. Ke4 Kh4 58. Rxe5 Ra4+ 59. Kf3 Ra3+ 60. Re3 Ra5 61. Rc3 Rb5 62. Rd3 Ra5 63. Be6 g5 1-0

[Event "Bratto op 21st"]
[Site "Bratto"]
[Date "2001.08.28"]
[Round "7"]
[White "Paoli, Enrico"]
[Black "Lapiccirella, Daniele"]
[Result "0-1"]
[WhiteElo "2300"]
[BlackElo "2098"]
[PlyCount "76"]
[EventDate "2001.08.22"]
[EventType "swiss"]
[EventRounds "9"]
[EventCountry "ITA"]
[SourceTitle "EXT 2002"]
[Source "ChessBase"]
[SourceDate "2001.11.25"]
[SourceVersion "1"]
[SourceVersionDate "2001.11.25"]
[SourceQuality "1"]

1. e4 c5 2. Nf3 Nc6 3. Nc3 e6 4. Bc4 a6 5. a4 Nge7 6. Qe2 g6 7. 0-0 Bg7 8. d3 0-0 9. e5 b6 10. Bf4 Nf5 11. Ne4 Bb7 12. c3 d5 13. exd6 e5 14. Bg5 Qd7 15. Qd2 Nxd6 16. Nf6+ Bxf6 17. Bxf6 Qf5 18. Qg5 Qxg5 19. Nxg5 Nxc4 20. dxc4 Rfe8 21. Rfe1 h6 22. Ne4 Re6 23. Rad1 Na5 24. Rd6 Rae8 25. Rxe6 Rxe6 26. Rd1 g5 27. Rd8+ Kh7 28. Rh8+ Kg6 29. Rg8+ Kf5 30. Ng3+ Kxf6 31. Nh5+ Ke7 32. Ng7 Rg6 33. g4 Be4 34. f3 Bc2 35. Kf2 f6 36. Ke3 Kf7 37. Rb8 Rxg7 38. Rxb6 Nxc4+ 0-1

[Event "Bratto op 21st"]
[Site "Bratto"]
[Date "2001.08.25"]
[Round "4"]
[White "Cavatorta, Fosco"]
[Black "Paoli, Enrico"]
[Result "1-0"]
[WhiteElo "2025"]
[BlackElo "2300"]
[PlyCount "65"]
[EventDate "2001.08.22"]
[EventType "swiss"]
[EventRounds "9"]
[EventCountry "ITA"]
[SourceTitle "EXT 2002"]
[Source "ChessBase"]
[SourceDate "2001.11.25"]
[SourceVersion "1"]
[SourceVersionDate "2001.11.25"]
[SourceQuality "1"]

1. e4 e5 2. Nf3 Nf6 3. d3 Nc6 4. g3 d6 5. Bg2 g6 6. Bg5 Bg7 7. Nc3 Be6 8. Qe2 h6 9. Bd2 g5 10. h3 Qd7 11. Be3 0-0-0 12. d4 exd4 13. Nxd4 Nxd4 14. Bxd4 c5 15. Be3 Ne8 16. Qd2 Nc7 17. h4 gxh4 18. Rxh4 h5 19. 0-0-0 Bf6 20. Bg5 Qe7 21. Bxf6 Qxf6 22. Rdh1 Qe5 23. Bf3 Qd4 24. Rxh5 Rhe8 25. Qxd4 cxd4 26. Ne2 Bxa2 27. b3 Re5 28. Nxd4 Ne6 29. Nxe6 fxe6 30. Kb2 Rf8 31. Rh8 Rxh8 32. Rxh8+ Kd7 33. Rh5 1-0

[Event "Ticino op"]
[Site "Ticino"]
[Date "1993.??.??"]
[Round "4"]
[White "Paoli, Enrico"]
[Black "Illijin, Neboisa"]
[Result "0-1"]
[WhiteElo "2005"]
[BlackElo "2290"]
[PlyCount "64"]
[EventDate "1993.??.??"]
[EventType "swiss"]
[EventRounds "7"]
[EventCountry "SUI"]
[SourceTitle "EXT 1997"]
[Source "ChessBase"]
[SourceDate "1996.11.15"]
[SourceVersion "1"]
[SourceVersionDate "1996.11.15"]
[SourceQuality "1"]

1. e4 c5 2. Nf3 e6 3. d4 cxd4 4. Nxd4 a6 5. Nd2 Qc7 6. Be2 Nf6 7. 0-0 Nc6 8. c3 Bc5 9. N4b3 Ba7 10. Kh1 0-0 11. f4 b5 12. e5 Nd5 13. Ne4 Nce7 14. Nd4 Bxd4 15. Qxd4 Nf5 16. Qf2 Bb7 17. Bg4 f6 18. exf6 Nxf6 19. Nxf6+ Rxf6 20. Be3 Raf8 21. Bb6 Qb8 22. Ba7 Qa8 23. Bh3 Rh6 24. Bg4 Nh4 25. Bh3 Rff6 26. f5 Nxf5 27. Bxf5 Rxf5 28. Qd2 Qxa7 29. Rxf5 exf5 30. Rf1 Rg6 31. Rf2 Be4 32. Kg1 Rxg2+ 0-1

[Event "Reggio Emilia-B 8889 31st"]
[Site "Reggio Emilia"]
[Date "1988.??.??"]
[Round "5"]
[White "Anceschi, Vittorio"]
[Black "Paoli, Enrico"]
[Result "1/2-1/2"]
[WhiteElo "2295"]
[BlackElo "2210"]
[PlyCount "69"]
[EventDate "1988.12.??"]
[EventType "tourn"]
[EventRounds "11"]
[EventCountry "ITA"]
[EventCategory "2"]
[SourceTitle "EXT 1997"]
[Source "ChessBase"]
[SourceDate "1996.11.15"]
[SourceVersion "1"]
[SourceVersionDate "1996.11.15"]
[SourceQuality "1"]

1. d4 g6 2. c4 Bg7 3. Nc3 Nf6 4. e4 d6 5. f3 0-0 6. Be3 e5 7. d5 c6 8. Qd2 cxd5 9. cxd5 a6 10. Bd3 Nbd7 11. Nge2 Ne8 12. 0-0 f5 13. exf5 gxf5 14. f4 e4 15. Bc2 Nb6 16. Bb3 Qc7 17. Na4 Nxa4 18. Bxa4 Bf6 19. Rac1 Qd8 20. Rc2 Bd7 21. Bxd7 Qxd7 22. Nd4 Ng7 23. Rfc1 Rac8 24. h3 h5 25. Qb4 Be7 26. Qb3 Kf7 27. a4 Rxc2 28. Qxc2 Bd8 29. Qc4 Re8 30. b3 Rg8 31. Rc2 Re8 32. Qe2 Kg6 33. Qc4 Kf7 34. Qe2 Kg6 35. Qc4 1/2-1/2

[Event "Reggio Emilia-B 8889 31st"]
[Site "Reggio Emilia"]
[Date "1988.??.??"]
[Round "4"]
[White "Paoli, Enrico"]
[Black "Crisan, Alexandru"]
[Result "1-0"]
[WhiteElo "2210"]
[BlackElo "2305"]
[PlyCount "49"]
[EventDate "1988.12.??"]
[EventType "tourn"]
[EventRounds "11"]
[EventCountry "ITA"]
[EventCategory "2"]
[SourceTitle "EXT 1997"]
[Source "ChessBase"]
[SourceDate "1996.11.15"]
[SourceVersion "1"]
[SourceVersionDate "1996.11.15"]
[SourceQuality "1"]

1. Nf3 Nf6 2. g3 b6 3. d3 Bb7 4. e4 d6 5. Bg2 e6 6. 0-0 Be7 7. Ne1 e5 8. f4 0-0 9. Nd2 Nbd7 10. Nc4 Re8 11. Bd2 Bf8 12. Ne3 g6 13. f5 Bg7 14. g4 c6 15. g5 Nh5 16. Qg4 d5 17. fxg6 hxg6 18. exd5 e4 19. Bxe4 Bxb2 20. dxc6 Ne5 21. cxb7 Nxg4 22. bxa8Q Qxa8 23. Bxa8 Nxe3 24. Bxe3 Bxa1 25. Be4 1-0

[Event "Reggio Emilia-B 8889 31st"]
[Site "Reggio Emilia"]
[Date "1988.??.??"]
[Round "8"]
[White "Paoli, Enrico"]
[Black "Pantaleoni, Claudio"]
[Result "1/2-1/2"]
[WhiteElo "2210"]
[BlackElo "2255"]
[PlyCount "96"]
[EventDate "1988.12.??"]
[EventType "tourn"]
[EventRounds "11"]
[EventCountry "ITA"]
[EventCategory "2"]
[SourceTitle "EXT 1997"]
[Source "ChessBase"]
[SourceDate "1996.11.15"]
[SourceVersion "1"]
[SourceVersionDate "1996.11.15"]
[SourceQuality "1"]

1. e4 c6 2. d4 d5 3. Nc3 dxe4 4. Nxe4 Bf5 5. Ng3 Bg6 6. Bc4 Nd7 7. N1e2 e6 8. Nf4 Qh4 9. c3 Bd6 10. Qf3 Ngf6 11. Bd2 0-0 12. Nxg6 hxg6 13. 0-0-0 Nb6 14. Bd3 Nbd5 15. Rde1 Bf4 16. Ne4 Bxd2+ 17. Nxd2 Qg4 18. g3 Qxf3 19. Nxf3 Rfd8 20. Bc2 Nd7 21. Rd1 Kf8 22. Rhe1 Rac8 23. a3 N5b6 24. Ng5 Kg8 25. Ne4 Nf6 26. Nc5 Rb8 27. h3 Nbd7 28. Nd3 Nd5 29. Bb3 Kf8 30. a4 Rbc8 31. Re2 Rc7 32. Kb1 N7f6 33. Ne5 Nd7 34. f4 Nxe5 35. Rxe5 Rcd7 36. Kc1 Rd6 37. Bc2 Nf6 38. Bb3 Nd5 39. Rde1 Nf6 40. Bc4 Nd7 41. R5e2 c5 42. dxc5 Nxc5 43. a5 Nd3+ 44. Bxd3 Rxd3 45. Re3 Rd2 46. R3e2 R2d3 47. Re3 Rd2 48. R3e2 R2d3 1/2-1/2

[Event "Reggio Emilia-B 8788 30th"]
[Site "Reggio Emilia"]
[Date "1987.??.??"]
[Round "4"]
[White "Anceschi, Vittorio"]
[Black "Paoli, Enrico"]
[Result "1-0"]
[WhiteElo "2310"]
[BlackElo "2220"]
[PlyCount "31"]
[EventDate "1987.12.27"]
[EventType "tourn"]
[EventRounds "11"]
[EventCountry "ITA"]
[EventCategory "3"]
[SourceTitle "EXT 1997"]
[Source "ChessBase"]
[SourceDate "1996.11.15"]
[SourceVersion "1"]
[SourceVersionDate "1996.11.15"]
[SourceQuality "1"]

1. e4 c5 2. Nf3 Nc6 3. d4 cxd4 4. Nxd4 Nf6 5. Nc3 d6 6. f4 Bd7 7. Nf3 e6 8. Bd3 Qb6 9. Qe2 a6 10. Rb1 Be7 11. Be3 Qc7 12. 0-0 0-0 13. Kh1 b5 14. e5 dxe5 15. fxe5 Nxe5 16. Bf4 1-0

[Event "Reggio Emilia-B 8788 30th"]
[Site "Reggio Emilia"]
[Date "1987.??.??"]
[Round "3"]
[White "Paoli, Enrico"]
[Black "Beil, Zdenek"]
[Result "1/2-1/2"]
[WhiteElo "2220"]
[BlackElo "2425"]
[PlyCount "20"]
[EventDate "1987.12.27"]
[EventType "tourn"]
[EventRounds "11"]
[EventCountry "ITA"]
[EventCategory "3"]
[SourceTitle "EXT 1997"]
[Source "ChessBase"]
[SourceDate "1996.11.15"]
[SourceVersion "1"]
[SourceVersionDate "1996.11.15"]
[SourceQuality "1"]

1. e4 c5 2. Nf3 e6 3. d4 cxd4 4. Nxd4 Nc6 5. Nc3 a6 6. g3 d6 7. Bg2 Bd7 8. 0-0 Nf6 9. Be3 Be7 10. h3 0-0 1/2-1/2

[Event "Reggio Emilia-B 8788 30th"]
[Site "Reggio Emilia"]
[Date "1987.??.??"]
[Round "11"]
[White "Paoli, Enrico"]
[Black "Bukal, Vladimir Sr"]
[Result "1/2-1/2"]
[WhiteElo "2220"]
[BlackElo "2435"]
[PlyCount "28"]
[EventDate "1987.12.27"]
[EventType "tourn"]
[EventRounds "11"]
[EventCountry "ITA"]
[EventCategory "3"]
[SourceTitle "EXT 1997"]
[Source "ChessBase"]
[SourceDate "1996.11.15"]
[SourceVersion "1"]
[SourceVersionDate "1996.11.15"]
[SourceQuality "1"]

1. e4 e6 2. d4 d5 3. Nd2 Nf6 4. e5 Nfd7 5. c3 c5 6. Bd3 Nc6 7. Ne2 cxd4 8. cxd4 a5 9. 0-0 a4 10. f4 Nb6 11. f5 exf5 12. Bxf5 Bxf5 13. Rxf5 Be7 14. Rh5 Qd7 1/2-1/2

[Event "Olomouc Sigma 15th"]
[Site "Olomouc"]
[Date "1982.08.22"]
[Round "10"]
[White "Paoli, Enrico"]
[Black "Poloch, Petr"]
[Result "0-1"]
[WhiteElo "2220"]
[BlackElo "2395"]
[PlyCount "122"]
[EventDate "1982.08.13"]
[EventType "tourn"]
[EventRounds "11"]
[EventCountry "CSR"]
[EventCategory "4"]
[SourceTitle "EXT 2005"]
[Source "ChessBase"]
[SourceDate "2004.11.15"]
[SourceVersion "1"]
[SourceVersionDate "2004.11.15"]
[SourceQuality "1"]

1. e4 c5 2. Nf3 d6 3. d4 Nf6 4. Nc3 cxd4 5. Nxd4 a6 6. Bg5 e6 7. Qd2 Nbd7 8. f3 Qc7 9. 0-0-0 b5 10. a3 Be7 11. h4 Bb7 12. g4 Nb6 13. h5 h6 14. Be3 Nc4 15. Bxc4 Qxc4 16. g5 hxg5 17. Bxg5 0-0-0 18. h6 gxh6 19. Rxh6 Rxh6 20. Bxh6 Rg8 21. Nb3 Qc7 22. Kb1 Nd7 23. Qf2 Ne5 24. Ka2 Rg6 25. Be3 Rf6 26. Bd4 Rg6 27. Bb6 Qd7 28. Rh1 Rg8 29. Ba5 Kb8 30. Rh7 Bf6 31. Rh6 Qe7 32. Bb4 Bg5 33. Rh7 Nc6 34. f4 Nxb4+ 35. axb4 Bf6 36. e5 Bg7 37. exd6 Qxd6 38. Nc5 Bxc3 39. bxc3 Rg2 40. Rh8+ Kc7 41. Qd4 Rxc2+ 42. Kb3 Qxd4 43. cxd4 Rf2 44. Rh7 Bd5+ 45. Kc3 Rf3+ 46. Kd2 Rxf4 47. Nxa6+ Kb6 48. Nc5 Rxd4+ 49. Ke3 Rxb4 50. Nd7+ Ka5 51. Rxf7 Rb3+ 52. Kd2 Rb2+ 53. Kc3 Rb3+ 54. Kd4 Rb4+ 55. Ke5 Re4+ 56. Kd6 Re3 57. Nc5 b4 58. Ra7+ Kb5 59. Ra1 Rc3 60. Nd7 b3 61. Rb1 Kb4 0-1